• 首页
  • 本馆介绍
  • 公告通知
  • 最新文献
  • 馆藏检索
  • 电子资源
  • 读者导购
  • 参考咨询
  • 我的图书馆
  • 登录
  • 详细信息显示
  • 放入我的书架
  • 预约/预借图书
  • 作者相关作品
  • 分类相关作品
  • 丛书相关作品
  • 出版社相关作品

书目信息

  • 表格格式
  • 工作单格式
  • 卡片格式
题名:
先秦文学史
    
 
作者: 褚斌杰 , 谭家健 主编
分册:  
出版信息: 北京   人民文学出版社  1998
页数: 537页
开本: 20cm
丛书名: 中国文学通史系列
单 册:
中图分类: I209.2
科图分类:
主题词: 文学史--中国--先秦时代
电子资源:
ISBN: 7-02-002434-3
000 00669nam0 2200229 45
001 0207020814
005 20031219104056.9
010    @a7-02-002434-3@dCNY22.50
100    @a20020702d1998 km y0chiy0120 ea
101 0  @achi
105    @a z 000yy
200 1  @a先秦文学史@AXian Qin Wen Xue Shi@f褚斌杰,谭家健主编@FZhu Bin Jie,Tan Jia Jian Zhu Bian
210    @a北京@c人民文学出版社@d1998
215    @a537页@d20cm
225    @a中国文学通史系列
410    @12001 @a中国文学通史系列
606 0  @a文学史@y中国@z先秦时代
690    @aI209.2@v4
701  0 @a褚斌杰@4主编
701  0 @a谭家健@4主编
801    @aCN@bTSTC@c20020702
905    @b313392-396@dI209.2@f5@e147
    
    先秦文学史/褚斌杰,谭家健主编.-北京:人民文学出版社,1998
    537页;20cm.-(中国文学通史系列)
    
    
    ISBN 7-02-002434-3:CNY22.50
    
●
相关链接 在E读中查询图书 在五车中查询图书 在当当中查询图书 在豆瓣中查询图书


正题名:先秦文学史     索取号:I209.2/147         预约/预借

序号 登录号 条形码 馆藏地/架位号 状态 备注
1 0313392   203133929   第二借阅区/ [索取号:I209.2/147] 在馆    
2 0313393   203133938   第二借阅区/ [索取号:I209.2/147] 在馆    
3 0313394   203133947   第二借阅区/ [索取号:I209.2/147] 在馆    
4 0313395   203133956   第二借阅区/ [索取号:I209.2/147] 在馆    
5 0313396   203133965   第一样本阅览室/ [索取号:I209.2/147] 在馆    
唐山师范学院图书馆 欢迎您!
大连网信软件有限公司© 版权所有